[Event "Muensterland Regionalliga 1718"]
[Site "Germany"]
[Date "2018.06.02"]
[Round "9.7"]
[White "Tepasse, Wilhelm"]
[Black "Voss, Norbert"]
[Result "1/2-1/2"]
[WhiteElo "1739"]
[BlackElo "1860"]
[PlyCount "28"]
[EventDate "2017.09.02"]
[EventType "team-tourn"]
[EventRounds "9"]
[EventCountry "GER"]
[SourceTitle "EXT 2019"]
[Source "ChessBase"]
[SourceDate "2018.10.10"]
[SourceVersion "1"]
[SourceVersionDate "2018.10.10"]
[SourceQuality "1"]
[WhiteTeam "Bocholt"]
[BlackTeam "Muenster SK III"]
[WhiteTeamCountry "GER"]
[BlackTeamCountry "GER"]

1. c4 d6 2. Nc3 e5 3. Nf3 f5 4. d3 Nf6 5. Bg5 Be7 6. e4 c6 7. Be2 0-0 8. Qd2 Be6 9. Bd1 Nbd7 10. Bb3 Nc5 11. Bc2 Ncd7 12. Bb3 Nc5 13. Bc2 Ncd7 14. Bb3 Nc5 1/2-1/2

[Event "Muensterland Verbandsliga 1516"]
[Site "Germany"]
[Date "2016.03.05"]
[Round "7.4"]
[White "Hemmers, Dieter"]
[Black "Voss, Norbert"]
[Result "1/2-1/2"]
[WhiteElo "1799"]
[BlackElo "1854"]
[PlyCount "103"]
[EventDate "2015.09.12"]
[EventType "team"]
[EventRounds "9"]
[EventCountry "GER"]
[SourceTitle "EXT 2017"]
[Source "ChessBase"]
[SourceDate "2016.10.25"]
[SourceVersion "1"]
[SourceVersionDate "2016.10.25"]
[SourceQuality "1"]
[WhiteTeam "Emsdetten Rochade II"]
[BlackTeam "Muenster SK IV"]
[WhiteTeamCountry "GER"]
[BlackTeamCountry "GER"]

1. e4 d6 2. d4 Nf6 3. Nc3 c6 4. Nf3 Bg4 5. h3 Bh5 6. Be2 e6 7. 0-0 Be7 8. Be3 d5 9. exd5 cxd5 10. Ne5 Bxe2 11. Qxe2 0-0 12. Rad1 a6 13. f4 g6 14. g4 Nbd7 15. Qf3 Bd6 16. Nxd7 Qxd7 17. Kh1 Qc6 18. f5 Ne4 19. Nxe4 dxe4 20. Qe2 Rac8 21. Rc1 e5 22. dxe5 Bxe5 23. c3 Rcd8 24. fxg6 hxg6 25. Bh6 Bg7 26. Bxg7 Kxg7 27. Rce1 e3+ 28. Qf3 Qxf3+ 29. Rxf3 Rd2 30. Rfxe3 Rxb2 31. R1e2 Rxe2 32. Rxe2 Rc8 33. Re3 Rc4 34. Kg2 Ra4 35. Re2 Ra3 36. Rc2 b5 37. Kf2 Kf6 38. Ke2 Kg5 39. Kf2 f5 40. gxf5 Kxf5 41. Ke3 Kg5 42. Ke4 Ra4+ 43. Ke5 Rc4 44. Rg2+ Kh5 45. Rg3 g5 46. Kf5 Rc5+ 47. Kf6 Kh4 48. Rd3 Rc6+ 49. Kf5 Rb6 50. Rd4+ Kg3 51. Kxg5 Kxh3 52. Kf4 1/2-1/2

[Event "Muensterland Verbandsliga 1516"]
[Site "Germany"]
[Date "2016.01.16"]
[Round "5.5"]
[White "Voss, Norbert"]
[Black "Waeltermann, Thomas"]
[Result "1-0"]
[WhiteElo "1854"]
[BlackElo "1777"]
[PlyCount "83"]
[EventDate "2015.09.12"]
[EventType "team"]
[EventRounds "9"]
[EventCountry "GER"]
[SourceTitle "EXT 2017"]
[Source "ChessBase"]
[SourceDate "2016.10.25"]
[SourceVersion "1"]
[SourceVersionDate "2016.10.25"]
[SourceQuality "1"]
[WhiteTeam "Muenster SK IV"]
[BlackTeam "Beelen"]
[WhiteTeamCountry "GER"]
[BlackTeamCountry "GER"]

1. c4 Nf6 2. g3 g6 3. Bg2 Bg7 4. Nc3 d6 5. Nf3 0-0 6. 0-0 e5 7. d3 Nc6 8. Bg5 h6 9. Bxf6 Bxf6 10. Rb1 Ne7 11. Nd2 c6 12. b4 d5 13. b5 e4 14. Qc2 exd3 15. exd3 Bf5 16. Rfd1 Rc8 17. bxc6 bxc6 18. Rb7 Qa5 19. Ne2 Rb8 20. Rxb8 Rxb8 21. Nb3 Qb6 22. Qd2 h5 23. Qf4 dxc4 24. dxc4 Rd8 25. Rd6 Kg7 26. c5 Qc7 27. Qd2 Nc8 28. Rxd8 Bxd8 29. Ned4 Bd7 30. Nxc6 Bxc6 31. Bxc6 Bf6 32. Bf3 Be5 33. Kg2 h4 34. Qd5 hxg3 35. hxg3 Ne7 36. Qd3 Nc6 37. Qe4 Ne7 38. c6 f5 39. Qc4 Kf6 40. Nc5 Qd6 41. Nd7+ Kg5 42. Qh4# 1-0

[Event "Muensterland Verbandsliga 1516"]
[Site "Germany"]
[Date "2015.12.12"]
[Round "4.4"]
[White "Voss, Norbert"]
[Black "Althoff, Ralph"]
[Result "1-0"]
[WhiteElo "1854"]
[BlackElo "1983"]
[PlyCount "61"]
[EventDate "2015.09.12"]
[EventType "team"]
[EventRounds "9"]
[EventCountry "GER"]
[SourceTitle "EXT 2017"]
[Source "ChessBase"]
[SourceDate "2016.10.25"]
[SourceVersion "1"]
[SourceVersionDate "2016.10.25"]
[SourceQuality "1"]
[WhiteTeam "Muenster SK IV"]
[BlackTeam "Olfen"]
[WhiteTeamCountry "GER"]
[BlackTeamCountry "GER"]

1. c4 f5 2. Nc3 Nf6 3. g3 d6 4. d3 g6 5. Bg2 Bg7 6. e4 fxe4 7. dxe4 Nc6 8. Nge2 0-0 9. 0-0 Be6 10. b3 Qd7 11. Nf4 Bf7 12. Bd2 g5 13. Nfd5 h6 14. Rc1 Bg6 15. Nxf6+ Bxf6 16. Be3 e6 17. c5 Qg7 18. Ne2 Rad8 19. cxd6 Rxd6 20. Qc2 Rfd8 21. Qc4 b6 22. f4 Qd7 23. e5 Bd3 24. Bxc6 Qf7 25. Qa4 Bxe2 26. exd6 Bxf1 27. dxc7 Qxc7 28. Rxf1 Rd3 29. fxg5 Rxe3 30. gxf6 Re5 31. Qg4+ 1-0

[Event "Muensterland Verbandsliga 1516"]
[Site "Germany"]
[Date "2015.11.21"]
[Round "3.5"]
[White "Voss, Norbert"]
[Black "Woltering, Martin"]
[Result "0-1"]
[WhiteElo "1854"]
[BlackElo "1738"]
[PlyCount "82"]
[EventDate "2015.09.12"]
[EventType "team"]
[EventRounds "9"]
[EventCountry "GER"]
[SourceTitle "EXT 2017"]
[Source "ChessBase"]
[SourceDate "2016.10.25"]
[SourceVersion "1"]
[SourceVersionDate "2016.10.25"]
[SourceQuality "1"]
[WhiteTeam "Muenster SK IV"]
[BlackTeam "Ahaus Wessum"]
[WhiteTeamCountry "GER"]
[BlackTeamCountry "GER"]

1. c4 f5 2. Nc3 Nf6 3. g3 e6 4. Bg2 Be7 5. d3 0-0 6. e4 fxe4 7. dxe4 e5 8. Nf3 d6 9. h3 a5 10. 0-0 Na6 11. Be3 Be6 12. b3 Kh8 13. Ne1 Qe8 14. Nd3 Rd8 15. Qe2 Qg6 16. Bd2 c6 17. Na4 b5 18. Nab2 b4 19. a3 Nd7 20. axb4 Nxb4 21. Bxb4 axb4 22. Nxb4 Rc8 23. N2d3 c5 24. Nd5 Bxd5 25. exd5 Ra8 26. Qe4 Qg5 27. Kh2 Nf6 28. Qe2 Nh5 29. Qg4 Qh6 30. Qe6 Qg5 31. h4 Qf6 32. Qxf6 Nxf6 33. b4 e4 34. Bxe4 Nxe4 35. Rae1 Nd2 36. Rxe7 Nxf1+ 37. Kg2 Nd2 38. bxc5 dxc5 39. Nxc5 Nxc4 40. Ne6 Rfe8 41. Rc7 Rac8 0-1

[Event "Muensterland Verbandsklasse 1314"]
[Site "Germany"]
[Date "2014.02.08"]
[Round "6.3"]
[White "Woltering, Martin"]
[Black "Voss, Norbert"]
[Result "1/2-1/2"]
[WhiteElo "1639"]
[BlackElo "1849"]
[PlyCount "63"]
[EventDate "2013.09.21"]
[EventType "team-tourn"]
[EventRounds "9"]
[EventCountry "GER"]
[SourceTitle "EXT 2015"]
[Source "ChessBase"]
[SourceDate "2014.11.20"]
[SourceVersion "1"]
[SourceVersionDate "2014.11.20"]
[SourceQuality "1"]
[WhiteTeam "Ahaus Wessum II"]
[BlackTeam "Muenster SK IV"]
[WhiteTeamCountry "GER"]
[BlackTeamCountry "GER"]

1. e4 b6 2. f4 Bb7 3. Nc3 e6 4. Nf3 Bb4 5. d3 Ne7 6. Bd2 d5 7. Qe2 0-0 8. g4 c5 9. Bg2 d4 10. Nd1 Ng6 11. c3 dxc3 12. bxc3 Ba5 13. h4 e5 14. f5 Nf4 15. Bxf4 exf4 16. Rc1 Re8 17. Nb2 b5 18. Nd2 Nd7 19. g5 Bb6 20. Rf1 Bc7 21. Kd1 Ne5 22. Kc2 Qd6 23. Rcd1 Qa6 24. h5 b4 25. c4 Nc6 26. Nb3 Be5 27. Kb1 Qb6 28. g6 a5 29. gxh7+ Kh8 30. h6 gxh6 31. Na4 Qc7 32. Qh5 1/2-1/2

[Event "Muensterland Verbandsklasse-A 1213"]
[Site "Germany"]
[Date "2013.04.20"]
[Round "8.2"]
[White "Voss, Norbert"]
[Black "Boesel, Alexander"]
[Result "0-1"]
[WhiteElo "1856"]
[BlackElo "1972"]
[PlyCount "84"]
[EventDate "2012.09.15"]
[EventType "team-tourn"]
[EventRounds "9"]
[EventCountry "GER"]
[SourceTitle "EXT 2015"]
[Source "ChessBase"]
[SourceDate "2014.11.20"]
[SourceVersion "1"]
[SourceVersionDate "2014.11.20"]
[SourceQuality "1"]
[WhiteTeam "Muenster SK IV"]
[BlackTeam "Olfen"]
[WhiteTeamCountry "GER"]
[BlackTeamCountry "GER"]

1. b3 c5 2. Bb2 d5 3. e3 Nc6 4. Bb5 Bd7 5. Nf3 Qa5 6. a4 f6 7. 0-0 e5 8. Bxc6 Bxc6 9. Nxe5 fxe5 10. Qh5+ Kd7 11. Qf7+ Ne7 12. Bxe5 Qd8 13. Qh5 Qe8 14. Qg4+ Kd8 15. d4 Qg6 16. Qe2 Nf5 17. Nc3 cxd4 18. exd4 a6 19. Qd2 Bb4 20. Qd3 Nh4 21. Qxg6 Nxg6 22. Ne2 Nxe5 23. dxe5 g5 24. f4 gxf4 25. Nxf4 Ke7 26. Rad1 Rad8 27. h3 Rhf8 28. g4 Bc5+ 29. Kh2 Be3 30. Nh5 Ke6 31. Nf6 Kxe5 32. Nxh7 Bf4+ 33. Kg1 Be3+ 34. Kh2 Rf4 35. Rde1 d4 36. Rxf4 Kxf4 37. Rf1+ Ke4 38. Nf6+ Ke5 39. Rf5+ Ke6 40. Nh5 Be4 41. Ng7+ Kd6 42. Rf6+ Ke5 0-1

[Event "LSS VS002"]
[Site "LSS email"]
[Date "2011.02.17"]
[Round "?"]
[White "Fuchs, Harald"]
[Black "Voss, Norbert"]
[Result "1/2-1/2"]
[WhiteElo "2024"]
[BlackElo "2078"]
[PlyCount "49"]
[EventDate "2011.02.26"]
[EventType "tourn (corr)"]
[EventRounds "6"]
[EventCountry "GER"]
[SourceTitle "Telechess CBM 149"]
[Source "ChessBase"]
[SourceDate "2012.07.17"]
[SourceVersion "1"]
[SourceVersionDate "2012.07.17"]
[SourceQuality "1"]

1. d4 Nc6 2. d5 Ne5 3. e4 e6 4. dxe6 dxe6 5. Qxd8+ Kxd8 6. Nf3 Nxf3+ 7. gxf3 Ne7 8. Be3 Ng6 9. Nd2 Bd6 10. Nc4 Bf4 11. h4 h5 12. Bxf4 Nxf4 13. Ne5 Ke7 14. Rg1 Rg8 15. Kd2 f6 16. Ng6+ Nxg6 17. Rxg6 e5 18. Bc4 Be6 19. Bxe6 Kxe6 20. Rag1 Kf7 21. Ke3 Rad8 22. R6g2 Rd7 23. a4 a5 24. Rg6 Rd6 25. b3 1/2-1/2

[Event "LSS VS002"]
[Site "LSS email"]
[Date "2011.02.17"]
[Round "?"]
[White "Voss, Norbert"]
[Black "Knoeppel, Peter Otto"]
[Result "1/2-1/2"]
[WhiteElo "2078"]
[BlackElo "1954"]
[PlyCount "31"]
[EventDate "2011.02.26"]
[EventType "tourn (corr)"]
[EventRounds "6"]
[EventCountry "GER"]
[SourceTitle "Corr 2015"]
[Source "ChessBase"]
[SourceDate "2015.07.17"]
[SourceVersion "1"]
[SourceVersionDate "2015.07.17"]
[SourceQuality "1"]

1. e4 e5 2. Nf3 Nc6 3. d4 exd4 4. Nxd4 Bc5 5. Nxc6 Qf6 6. Qf3 dxc6 7. Qxf6 Nxf6 8. f3 Be6 9. Nd2 0-0-0 10. Nb3 Bxb3 11. axb3 Rhe8 12. Bd2 Nd5 13. g3 Kb8 14. Bd3 Nb4 15. Bxb4 Bxb4+ 16. Kf2 1/2-1/2